| 000 | 00902nam a2200265 i 4500 | ||
|---|---|---|---|
| 001 | 188882 | ||
| 003 | SpMaBN | ||
| 005 | 20251002162653.0 | ||
| 008 | 190220s2011 sp |||| | spa d | ||
| 020 | _a978-84-88909-46-6 | ||
| 080 | _a615.851 | ||
| 245 | 0 | 3 |
_aLa escritura como herramienta en la psicoterapia / _cGustavo Lanza Castelli, compilador ; Héctor Fernández-Álvarez, Héctor J. Fiorini. |
| 250 | _a1ª ed. | ||
| 260 |
_aMadrid : _bPsimática, _c2011. |
||
| 300 |
_a212 p. ; _c24 cm. |
||
| 504 | _aReferencias bibliográficas. | ||
| 650 | 7 |
_aGrafoterapia. _9166401 |
|
| 650 | 0 | 4 |
_aPsicoterapia. _916579 |
| 700 | 1 |
_aLanza Castelli, Gustavo. _9166402 |
|
| 700 | 1 |
_aFernández-Álvarez, Héctor, _d1944- _9166403 |
|
| 700 | 1 |
_aFiorini, Héctor. _9166404 |
|
| 852 |
_aES-MaACL _jA-14383 _9196016 _bR.151891 _cDEPO1 _dOlim: N-7383 |
||
| 942 |
_2udc _cMONOGRAFIA |
||
| 999 |
_c188882 _d188882 |
||